000 01554cam a22004574i 4500
003 PE-LiUPU
005 20250731173014.0
008 150623s1998 xxu r 000 0 spa d
020 _a0385148046
035 _a(Sirsi) i9780385148047
040 _aPE-LiUPU
_bspa
_cPE-LiUPU
_erda
049 _aPRUA
082 0 4 _a220.7
_bAB1999
_221
100 1 _aPropp, William H. C.,
_eautor.
245 1 0 _aExodus 1-18.
_n2 /
_cWilliam H. C. Propp.
264 1 _aNew York, NY :
_bDoubleday,
_c1998.
300 _a680 páginas ;
_c24 centímetros
336 _atext
_2rdacontent
337 _aunmediated
_2rdamedia
338 _avolume
_2rdacarrier
490 1 _aThe Anchor Bible ;
_v2
505 0 _aAnalysis, notes and comments -- Israel in Egypt -- Kiberation from Egypt -- Sojourn in the Wilderness.
526 _aSEG42
526 _aSEG41
526 _aSEG40
526 _aSEG39
526 _aP94
526 _aP87
526 _aP86
526 _aP85
526 _aP77
526 _aP76
526 _aP35
630 _aBiblia.
_pA.T.
_pExodo 1-18
_xComentarios.
942 _2ddc
_cBOOK
949 _a220.7 AB 2 1999
_wDEWEY
_c1
_i47219
_d2016-6-1
_e2016-6-1
_lCCODEBUL1
_mBUL
_n2
_r0
_sY
_tBOOK
_u2015-6-24
_xTEOLOGIA
_PP35
_0COMPRA
_o.STAFF. Colección Teología
994 _aC0
_bPEPRU
596 _a1
999 _a220.7 AB 2 1999
_wDEWEY
_c23768
_i47219
_d23768
_e2017-6-28
_f2021-11-9
_g5
_lCCODEBUL1
_mBUL
_n3
_p25.00
_q6
_r0
_sY
_tBOOK
_u2015-6-24
_xTEOLOGIA
_PP35
_0COMPRA
_o.STAFF. Colección Teología
980 _81
_gALBERTO SANCHEZ Responsable de Automatización